| 000 | 00741cam a2200253 4500500 | ||
|---|---|---|---|
| 005 | 20260405003827.0 | ||
| 041 | _afre | ||
| 042 | _adc | ||
| 100 | 1 | 0 |
_aCoquillat, Louise _eauthor |
| 700 | 1 | 0 |
_aEltchaninoff, Michel _eauthor |
| 245 | 0 | 0 | _aTrois parades pour survivre à un monde de brutes |
| 260 | _c2024. | ||
| 500 | _a32 | ||
| 690 | _aArgumentation | ||
| 690 | _aAutodéfense | ||
| 690 | _aDésobéissance civile | ||
| 690 | _aÉducation | ||
| 690 | _aÉtat | ||
| 690 | _aJustice | ||
| 690 | _aLoi | ||
| 690 | _aViolence | ||
| 786 | 0 | _nPhilosophie magazine | 177 | 3 | 2024-03-01 | p. 29-29 | 1951-1787 | |
| 856 | 4 | 1 | _uhttps://shs.cairn.info/magazine-philosophie-magazine-2024-3-page-29?lang=fr&redirect-ssocas=7080 |
| 999 |
_c2071211 _d2071211 |
||